000 00359nam a2200109 4500
008 b xx# fre u
040 _aLB-BrCRDP
082 1 _a370.7
_bAST
245 1 0 _aEducation et formation: nouvelles questions, nouveaux métiers
_cSous la direction de Jean-Pierre Astofli
942 _cBK
999 _c9418
_d9418